1 Billion streams club : Katy Perry - Statistics

General Stats
  • This quiz has been taken 34 times
  • The average score is 9 of 10
Answer Stats
Album Song Streams % Correct
Prism(ft. Juicy J) Dark Horse 1.9B
100%
Teenage Dream(ft. Snoop Dogg) California Gurls 1.3B
97%
Prism Roar 1.5B
97%
Teenage Dream Teenage Dream 1.1B
97%
One of the Boys I Kissed A Girl 1.2B
93%
One of the Boys Hot N Cold 1.4B
90%
Teenage Dream The One That Got Away 1.5B
87%
Teenage Dream Firework 1.5B
80%
Funk Wav Bounces Vol. 1(ft. Calvin Harris, Pharrell Williams and Big Sean) Feels 1.3B
70%
Teenage Dream Last Friday Night (T.G.I.F.) 1.8B
60%
No matching quizzes found
Score Distribution
Percent of People with Each Score
Percentile by Number Answered
Your Score History
You have not taken this quiz